| 000 -LEADER |
| fixed length control field |
00408nam a22000977a 4500 |
| 008 - FIXED-LENGTH DATA ELEMENTS--GENERAL INFORMATION |
| fixed length control field |
170211b xxu||||| |||| 00| 0 eng d |
| 100 ## - MAIN ENTRY--AUTHOR'S NAME |
| Author's Name |
Lowe, Robson |
| 245 ## - TITLE STATEMENT |
| Title |
Masterpieces of engraving on postage stamps 1840-1940 |
| 260 ## - PUBLICATION, DISTRIBUTION, ETC. (IMPRINT) |
| Place of publication, distribution, etc. |
London |
| Name of publisher, distributor, etc. |
The Postal History Society |
| Date of publication, distribution, etc. |
1943 |
| 650 ## - TOPICAL TERM (Tag) |
| Topical term or geographic name |
Production | Engraving | 1840-1940 | Artists and Designers | Great Britain | France | Europe | Netherlands | Engravers | Printers |